Managing Windows NT server 4
Foundations and setup; Windows NT server administration; Windows NT server fault tolerance; Windows NT Internet server; Appendices
में बचाया:
| मुख्य लेखक: | |
|---|---|
| स्वरूप: | पुस्तक |
| भाषा: | Undetermined |
| प्रकाशित: |
Indiana
New Riders
1996
|
| विषय: | |
| टैग : |
टैग जोड़ें
कोई टैग नहीं, इस रिकॉर्ड को टैग करने वाले पहले व्यक्ति बनें!
|
| Thư viện lưu trữ: | Trung tâm Học liệu Trường Đại học Cần Thơ |
|---|
| LEADER | 00656nam a2200193Ia 4500 | ||
|---|---|---|---|
| 001 | CTU_23268 | ||
| 008 | 210402s9999 xx 000 0 und d | ||
| 082 | |a 005.4 đổi số PL 004.36 | ||
| 082 | |b H654 | ||
| 100 | |a Howard F Hilliker | ||
| 245 | 0 | |a Managing Windows NT server 4 | |
| 245 | 0 | |c Howard F Hilliker | |
| 260 | |a Indiana | ||
| 260 | |b New Riders | ||
| 260 | |c 1996 | ||
| 520 | |a Foundations and setup; Windows NT server administration; Windows NT server fault tolerance; Windows NT Internet server; Appendices | ||
| 650 | |a client/server computing | ||
| 904 | |i Quyên,980520 | ||
| 980 | |a Trung tâm Học liệu Trường Đại học Cần Thơ | ||